000 00399nam a2200157 4500
003 OSt
008 240703b |||||||| |||| 00| 0 eng d
020 _a9780061031014
082 _a796.8120
_bFOH
100 _aFOLEY, Mick
245 _aHave A Nice Day: A Tale of Blood and Sweat-Socks
260 _aNew York
_bHarper Collins
_c2010
300 _axii, 748p.
650 _aGeneral
942 _2ddc
_cBK
999 _c12804
_d12804